| 000 | 01471cam a2200241 4500 | ||
|---|---|---|---|
| 001 | ABS64518 | ||
| 008 | 010917n2001 000 0 eng u | ||
| 035 | _a(Sirsi) u114617 | ||
| 100 | _aLloyd Holt, S. | ||
| 245 | _aMake a PACT with the Woolf | ||
| 260 | _c2001 | ||
| 490 |
_aEstates Gazette _v(0136) 8 September 2001, 171(1) |
||
| 520 | _aPACT - professional arbitration on court terms - was launched in June 1997. It was designed to provide an alternative to court, by enabling landlords and tenants to have the terms and the rent payable under a new lease decided by a valuer or a solicitor, acting as an arbitrator or independent expert. Considers the past and future performance of PACT. Despite the flexibility and cost savings it offers, latest statistics indicate very limited use of PACT. Considers reasons for this and suggests that in most cases an experienced arbitrator or independent expert can deal with an opposed lease renewal. Predicts that the introduction of CPR Pt 56 on 15 October 2001, which will bring additional costs and extra work, will lead to increased use of PACT. | ||
| 590 | _aABS | ||
| 650 | _aPACT | ||
| 650 | _aMANAGEMENT-DISPUTE AVOIDANCE, MANAGEMENT AND RESOLUTION-DISPUTE MANAGEMENT AND RESOLUTION-ARBITRATION | ||
| 650 | _aINDEPENDENT EXPERTS | ||
| 650 | _aCIVIL PROCEDURE RULES PART 56 | ||
| 650 | _aLEASE RENEWALS | ||
| 650 |
_aLANDLORD AND TENANT _96252 |
||
| 690 |
_aDispute resolution _96236 |
||
| 942 | _n0 | ||
| 999 |
_c68282 _d68282 |
||